000 00776nam a22002177a 4500
999 _c19458
_d19458
003 AR-CdUCM
008 190320b ||||| |||| 00| 0 spa d
020 _a8471862301
040 _aMUNICIPALIDAD PROVINCIAL DEL CUSCO
_cBIBLIOTECA MUNICIPAL DEL CUSCO
082 _a693.7 /
_bL77
100 _aLohmeyer, G.
_940795
245 _aEstática de las construcciones :
_bCurso teórico práctico /
260 _aBarcelona
_bJose Monteso,
_c1973.
300 _a266 páginas ;
_c25 cm.
_bGráficos,
505 _aContenido : Fundamentos de la estática -- Acción de las fuerzas -- Determinación de los centros de gravedad...
650 _aEstatica
_921194
650 _aCentros de gravedad
_940796
650 _aEstructuras Teoria
_921196
942 _2ddc
_cLIBROS
945 _arcc